Παγκόσμια μυθολογία
Αποθηκεύτηκε σε:
| Κύριοι συγγραφείς: | , |
|---|---|
| Μορφή: | Βιβλίο |
| Γλώσσα: | Greek |
| Δημοσίευση: |
[Χ.τ.] :
Εκδόσεις Αναγνωστίδη,
[19--].
|
| Θέματα: | |
| Ετικέτες: |
Προσθήκη ετικέτας
Δεν υπάρχουν, Καταχωρήστε ετικέτα πρώτοι!
|
MARC
| LEADER | 00000cam a2200000 a 4500 | ||
|---|---|---|---|
| 001 | 1/115550 | ||
| 008 | 171207nyyyy####gr | ||| |||| ||gre|| | ||
| 040 | |a GR-MyUa |b gre |c GR-MyUa |e AACR2 | ||
| 041 | 0 | |a gre | |
| 082 | 7 | |a 201.3 |2 (23) | |
| 100 | 1 | |a Αναγνωστίδης, Κλεόβουλος Κ. | |
| 245 | 1 | 0 | |a Παγκόσμια μυθολογία / |c Κλεοβούλου, Κ. Αναγνωστίδη, Κ. Μετρινού. |
| 246 | 1 | |i Τίτλος εξωφύλλου : |a Παγκόσμιος μυθολογία: |b Η μετάβαση απ' το μύθο στη θρησκεία | |
| 260 | |a [Χ.τ.] : |b Εκδόσεις Αναγνωστίδη, |c [19--]. | ||
| 300 | |a 192 σ. ; |c 22 εκ. | ||
| 500 | |a Λείπουν κάποιες σελίδες στο τέλος στον πίνακα περιοχομένων. | ||
| 650 | 0 | |a Mythology. | |
| 650 | 0 | |a Mythology |x Philosophy. | |
| 700 | 1 | |a Μετρινός, Κ. |e aut | |
| 852 | |a INST |b SAMOS |e 20171207 |h 201.3 ΑΝΑ |p 005300045072 |q 005300045072 |t BK |y 0 | ||
| 970 | |a Φιλιππή |b Φάλη |z 07-12-2017 | ||